Thilakkamaarnna oraayiram sooryanmaar(തിളക്കമാർന്ന ഒരായിരം സൂര്യന്മാർ) (Record no. 115302)

MARC details
000 -LEADER
fixed length control field 00549 a2200169 4500
005 - DATE AND TIME OF LATEST TRANSACTION
control field 20260328094236.0
008 - FIXED-LENGTH DATA ELEMENTS--GENERAL INFORMATION
fixed length control field 260328b |||||||| |||| 00| 0 eng d
020 ## - INTERNATIONAL STANDARD BOOK NUMBER
International Standard Book Number 9788126434176
080 ## - UNIVERSAL DECIMAL CLASSIFICATION NUMBER
Universal Decimal Classification number FM
Item number HOS/T
100 ## - MAIN ENTRY--PERSONAL NAME
Personal name Hosseini,Khaled
245 ## - TITLE STATEMENT
Title Thilakkamaarnna oraayiram sooryanmaar(തിളക്കമാർന്ന ഒരായിരം സൂര്യന്മാർ)
260 ## - PUBLICATION, DISTRIBUTION, ETC. (IMPRINT)
Name of publisher, distributor, etc D C books.
Place of publication, distribution, etc Kottayam.
Date of publication, distribution, etc 2025.
300 ## - PHYSICAL DESCRIPTION
Extent 382p.
500 ## - GENERAL NOTE
General note "A Thousand Splendid Suns" English Title
700 ## - ADDED ENTRY--PERSONAL NAME
Personal name Rema Menon; tr.by
942 ## - ADDED ENTRY ELEMENTS (KOHA)
item type Under processing
Holdings
Lost status Source of classification or shelving scheme Not for loan Home library Current library Date acquired Cost, normal purchase price Total Checkouts Full call number Barcode Date last seen Cost, replacement price Price effective from Koha item type Public note
  Universal Decimal Classification Not For Loan University Library University Library 02/03/2026 300.02   FM HOS/T 00097382 02/03/2026 450.00 02/03/2026 Books processing
University Library, CUSAT